000 00519nam a2200193Ia 4500
005 20250923145919.0
008 008 250917s9999 xx 000 0 eng d
037 _aTextual
040 _aDSWL
_beng
_cDSWL
041 _aeng
_2eng
084 _azGx, (P152)
_qDSWL
245 0 _aSocial work and social action
_cEd. by H.Y. Siddqui
260 _aNew Delhi
_b Norman
_c1984
300 _aix,184p.
365 _aINR
_b10.00
925 _g10.00
942 _cTEXL
_hzGx, (P152)
999 _c1457296
_d1457296